La lengua y sus variedades /

Guardado en:
Autor Principal: Zamudio De Molina, Berta
Formato: Libro
Publicado: Buenos Aires : Docencia, 1981
Edición:2a. ed.
Materias:
Etiquetas: Agregar Etiqueta
Sin Etiquetas, Sea el primero en etiquetar este registro!
LEADER 00701nam a22002295a 4500
001 CEM.cems006733
005 20060214000000.0
008 130507s1981##################000#0#####d
003 CEMS
082 0 4 |a 468 
100 1 |a Zamudio De Molina, Berta 
245 1 0 |a La lengua y sus variedades / 
250 |a 2a. ed. 
260 |a Buenos Aires :  |b Docencia,  |c 1981 
300 |a 54 p. 
505 0 |a Dos mil ejercicios y problemas para septimo grado e ingreso en el ciclo secundario 
653 |a Discurso expresivo 
653 |a Discurso informativo 
653 |a Generos literarios 
653 |a Lengua y habla 
653 |a Lenguaje-funciones 
859 |a CEMS  |b BIB. CEMS - 11 de abril  |h 468  |i Z15a2/II  |p 12828.83  |t Ej.1